[Event "VIE-chT (Women)"]
[Site "Hanoi"]
[Date "2023.04.20"]
[Round "5"]
[White "Bui, Kim Le"]
[Black "Nguyen, Thi Thuy"]
[Result "1-0"]
[WhiteElo "1969"]
[BlackElo "1773"]
[PlyCount "96"]
[EventDate "2023.04.18"]
[EventType "swiss"]
[EventRounds "9"]
[EventCountry "VIE"]
[SourceTitle "EXT 2024"]
[Source "ChessBase"]
[SourceDate "2023.10.10"]
[SourceVersion "1"]
[SourceVersionDate "2023.10.10"]
[SourceQuality "1"]

1. e4 c6 2. d4 d5 3. e5 Bf5 4. Nc3 e6 5. g4 Bg6 6. Nge2 h6 7. Nf4 Bh7 8. Bd3 Bxd3 9. Qxd3 Ne7 10. Be3 Nd7 11. 0-0-0 Qa5 12. Nh5 0-0-0 13. f4 g6 14. Ng3 h5 15. gxh5 gxh5 16. f5 h4 17. fxe6 fxe6 18. Nge2 Nf5 19. Kb1 Bh6 20. Bxh6 Rxh6 21. Nf4 Rf8 22. Rhf1 Ng7 23. Qd2 Rh7 24. Qg2 Re8 25. Qg6 Nf8 26. Qf7 Qc7 27. Qg8 Rh6 28. Nfxd5 exd5 29. Rxf8 Rhe6 30. Rdf1 R6e7 31. R1f7 Qd8 32. Rxe8 Nxe8 33. a3 Rxf7 34. Qxf7 Nc7 35. Qf5+ Kb8 36. Ne2 b6 37. Nf4 Nb5 38. e6 Qe8 39. c3 Nd6 40. Qe5 Kc7 41. Qf6 Qd8 42. e7 Qe8 43. Ne6+ Kd7 44. Nf8+ Kc7 45. Ka2 h3 46. Qe5 a6 47. Ne6+ Kd7 48. Nf8+ Kc7 1-0

[Event "VIE-chT (Women)"]
[Site "Hanoi"]
[Date "2023.04.18"]
[Round "2"]
[White "Nguyen, Thi Thuy"]
[Black "Tran, Le Vy"]
[Result "1-0"]
[WhiteElo "1773"]
[BlackElo "1348"]
[PlyCount "74"]
[EventDate "2023.04.18"]
[EventType "swiss"]
[EventRounds "9"]
[EventCountry "VIE"]
[SourceTitle "EXT 2024"]
[Source "ChessBase"]
[SourceDate "2023.10.10"]
[SourceVersion "1"]
[SourceVersionDate "2023.10.10"]
[SourceQuality "1"]

1. d4 d5 2. c4 dxc4 3. e3 Bf5 4. Bxc4 e6 5. Nf3 Nf6 6. 0-0 Be7 7. b3 0-0 8. Bb2 c6 9. Nbd2 Nbd7 10. h3 Nb6 11. Be2 Nbd5 12. Nc4 Ne4 13. Bd3 Bf6 14. Rc1 Qb8 15. Nce5 Bxe5 16. Nxe5 Qd6 17. g4 Ng3 18. gxf5 Nxf1 19. Qxf1 exf5 20. Bxf5 Rfe8 21. Qg2 Rad8 22. a3 g6 23. Bg4 a5 24. Bf3 Qe6 25. Bg4 Qd6 26. Be2 f6 27. Nc4 Qc7 28. Qf3 Kg7 29. Nd2 Qe7 30. Bc4 f5 31. Bd3 Kg8 32. Nc4 a4 33. bxa4 Qc7 34. a5 Nf6 35. Nb6 Kf8 36. Bc3 Kf7 37. Bc4+ Kf8 1-0

[Event "Hanoi op (Women)"]
[Site "Hanoi"]
[Date "2022.08.27"]
[Round "8"]
[White "Huynh, Ngoc Thuy Linh"]
[Black "Nguyen, Thi Thuy"]
[Result "1-0"]
[WhiteElo "1776"]
[BlackElo "1797"]
[PlyCount "97"]
[EventDate "2022.08.20"]
[EventType "swiss"]
[EventRounds "9"]
[EventCountry "VIE"]
[SourceTitle "CBM 209 Extra"]
[Source "ChessBase"]
[SourceDate "2022.09.30"]
[SourceVersion "1"]
[SourceVersionDate "2022.09.30"]
[SourceQuality "1"]

1. d4 Nf6 2. Nf3 d5 3. e3 e6 4. Bd3 c5 5. b3 Nbd7 6. Bb2 Be7 7. 0-0 0-0 8. Nbd2 b6 9. Ne5 Bb7 10. f4 Ne4 11. Qe2 f6 12. Nxd7 Qxd7 13. Rad1 Nxd2 14. Rxd2 Qc7 15. e4 cxd4 16. exd5 Bb4 17. Qxe6+ Qf7 18. Re2 Bxd5 19. Qxf7+ Rxf7 20. Bxd4 Rd8 21. c3 Bd6 22. g3 Rc7 23. Rfe1 Bf7 24. Bb5 Kf8 25. Kf2 h6 26. Rd2 Be7 27. Red1 Be6 28. Ke3 Kf7 29. Bd3 g6 30. f5 gxf5 31. Rf1 Bc5 32. Bxf5 Bxd4+ 33. cxd4 Bd5 34. Rdf2 Rd6 35. Rf4 Be6 36. Bd3 Bc8 37. Bc4+ Kg7 38. Re4 Rd8 39. Rd1 Bb7 40. Rg4+ Kh7 41. Bd3+ Kh8 42. Rf1 Re7+ 43. Kd2 Rd6 44. Rff4 Red7 45. Rh4 Kg7 46. Rfg4+ Kf7 47. Rxh6 Rxd4 48. Rxd4 Rxd4 49. Rh7+ 1-0

[Event "Hanoi op (Women)"]
[Site "Hanoi"]
[Date "2022.08.25"]
[Round "6"]
[White "Pham, Tran Gia Thu"]
[Black "Nguyen, Thi Thuy"]
[Result "1-0"]
[WhiteElo "1630"]
[BlackElo "1797"]
[PlyCount "61"]
[EventDate "2022.08.20"]
[EventType "swiss"]
[EventRounds "9"]
[EventCountry "VIE"]
[SourceTitle "CBM 209 Extra"]
[Source "ChessBase"]
[SourceDate "2022.09.30"]
[SourceVersion "1"]
[SourceVersionDate "2022.09.30"]
[SourceQuality "1"]

1. e4 c5 2. Nc3 e6 3. d4 cxd4 4. Qxd4 d6 5. b3 a6 6. Bb2 Nf6 7. 0-0-0 Nc6 8. Qd2 b5 9. Bd3 Be7 10. f4 0-0 11. Nf3 Qc7 12. Rhg1 Nb4 13. Kb1 Nxd3 14. cxd3 Bb7 15. g4 b4 16. Na4 Nxe4 17. Qxb4 Nc5 18. Qc3 Bf6 19. Ne5 Rac8 20. Nxc5 dxc5 21. Rde1 g6 22. g5 Bg7 23. Qc2 Qd6 24. Ng4 Qxf4 25. Bxg7 Kxg7 26. Nf6 e5 27. Ref1 Qd4 28. Rg4 Qd6 29. Rh4 Rh8 30. Qc4 Rcd8 31. Ne8+ 1-0

[Event "Hanoi op (Women)"]
[Site "Hanoi"]
[Date "2022.08.21"]
[Round "2"]
[White "Le, Thai Nga"]
[Black "Nguyen, Thi Thuy"]
[Result "1-0"]
[WhiteElo "1937"]
[BlackElo "1797"]
[PlyCount "65"]
[EventDate "2022.08.20"]
[EventType "swiss"]
[EventRounds "9"]
[EventCountry "VIE"]
[SourceTitle "CBM 209 Extra"]
[Source "ChessBase"]
[SourceDate "2022.09.30"]
[SourceVersion "1"]
[SourceVersionDate "2022.09.30"]
[SourceQuality "1"]

1. d4 Nf6 2. Nf3 c5 3. e3 e6 4. Bd3 d5 5. b3 Nbd7 6. 0-0 Bd6 7. Bb2 0-0 8. Ne5 b6 9. Nd2 Bb7 10. f4 Ne4 11. c4 f5 12. cxd5 exd5 13. Ndf3 Ndf6 14. Rc1 Qe7 15. Qe2 a5 16. a4 Rfc8 17. Ng5 cxd4 18. exd4 Ba3 19. Nxe4 fxe4 20. Bb5 Qb4 21. Bxa3 Qxa3 22. Qe3 Qd6 23. g4 Rxc1 24. Rxc1 Ne8 25. Qc3 h6 26. g5 hxg5 27. fxg5 Qe7 28. g6 Qg5+ 29. Kh1 Qf4 30. Rf1 Qg5 31. Qh3 Nf6 32. Qe6+ Kh8 33. Nf7+ 1-0

[Event "VIE-ch (Women)"]
[Site "Tinh Bac Giang"]
[Date "2022.02.28"]
[Round "9"]
[White "Nguyen, Thi Thuy"]
[Black "Doan, Thi Van Anh"]
[Result "0-1"]
[WhiteElo "1798"]
[BlackElo "1988"]
[PlyCount "68"]
[EventDate "2022.02.28"]
[EventType "swiss"]
[EventRounds "9"]
[EventCountry "VIE"]
[SourceTitle "CBM 207 Extra"]
[Source "ChessBase"]
[SourceDate "2022.05.31"]
[SourceVersion "1"]
[SourceVersionDate "2022.05.31"]
[SourceQuality "1"]

1. d4 d5 2. Nf3 Nf6 3. e3 Bf5 4. Bd3 Bxd3 5. Qxd3 c6 6. Nbd2 g6 7. 0-0 Bg7 8. e4 dxe4 9. Nxe4 0-0 10. Nxf6+ Bxf6 11. Bf4 Nd7 12. Qb3 Nb6 13. Rad1 Qd7 14. h3 Qf5 15. Be5 Rfd8 16. Bxf6 exf6 17. c4 Rd7 18. Qc3 Rad8 19. Rd2 h5 20. b3 Kg7 21. Qe3 Nc8 22. Nh4 Qg5 23. Nf3 Qa5 24. Rfd1 Nd6 25. g4 Re8 26. Qd3 hxg4 27. hxg4 Re4 28. Nh2 Rde7 29. d5 c5 30. Qg3 Re1+ 31. Kg2 Ne4 32. Qd3 Nxd2 33. Rxd2 R7e4 34. d6 Rd4 0-1

[Event "VIE-ch (Women)"]
[Site "Hanoi"]
[Date "2020.10.06"]
[Round "2"]
[White "Nguyen, Thi Thuy"]
[Black "Tran, Le Dan Thuy"]
[Result "0-1"]
[WhiteElo "1811"]
[BlackElo "1987"]
[PlyCount "120"]
[EventDate "2020.10.05"]
[EventType "swiss"]
[EventRounds "9"]
[EventCountry "VIE"]
[SourceTitle "EXT 2022"]
[Source "ChessBase"]
[SourceDate "2021.10.06"]
[SourceVersion "1"]
[SourceVersionDate "2021.10.06"]
[SourceQuality "1"]

1. e4 c5 2. Nf3 d6 3. d4 cxd4 4. Nxd4 Nf6 5. Nc3 Nc6 6. Be3 e6 7. Bc4 a6 8. a4 Be7 9. 0-0 Qc7 10. Ba2 Ne5 11. Qe2 Neg4 12. h3 Nxe3 13. Qxe3 0-0 14. Rad1 Bd7 15. Bb3 Rfe8 16. Kh1 Qc5 17. Rfe1 Rac8 18. Qd3 Qh5 19. Nce2 Qh4 20. Ng3 Rc5 21. Nf3 Qh6 22. Qd2 Qxd2 23. Rxd2 Ra5 24. Rd4 Bc6 25. Nd2 d5 26. exd5 Bxd5 27. Bxd5 Rxd5 28. Rxd5 Nxd5 29. Nb3 Nb6 30. Re4 Rc8 31. c3 Rc4 32. a5 Rxe4 33. Nxe4 Na4 34. Kg1 f5 35. Ned2 Nxb2 36. Kf1 Kf7 37. Ke2 e5 38. f3 Ke6 39. g4 fxg4 40. fxg4 Kd5 41. Nc1 Bd8 42. Nd3 Na4 43. c4+ Kd6 44. Ne4+ Ke7 45. Nec5 Nxc5 46. Nxc5 Bxa5 47. Nxb7 Bb4 48. c5 Kd7 49. Kd3 Kc6 50. Nd8+ Kd5 51. c6 Ba5 52. Nf7 Bc7 53. h4 a5 54. Ng5 a4 55. Ne4 a3 56. Nc3+ Kxc6 57. Kc4 Ba5 58. Na2 Bb6 59. Nb4+ Kd6 60. Nd5 a2 0-1

[Event "VIE-chT (Women)"]
[Site "Bac Giang"]
[Date "2020.06.10"]
[Round "8.1"]
[White "Nguyen, Thi Thuy"]
[Black "Hoang, Thi Bao Tram"]
[Result "1-0"]
[WhiteElo "1811"]
[BlackElo "2288"]
[PlyCount "95"]
[EventDate "2020.06.06"]
[EventType "swiss"]
[EventRounds "9"]
[EventCountry "VIE"]
[SourceTitle "CBM 197 Extra"]
[Source "ChessBase"]
[SourceDate "2020.09.30"]
[SourceVersion "1"]
[SourceVersionDate "2020.09.30"]
[SourceQuality "1"]

1. c4 c6 2. d4 d5 3. cxd5 cxd5 4. Nc3 Nf6 5. Nf3 Nc6 6. Bf4 a6 7. e3 Bg4 8. Be2 e6 9. h3 Bxf3 10. Bxf3 Bd6 11. Bxd6 Qxd6 12. 0-0 0-0 13. Na4 Nd7 14. Rc1 Rac8 15. Nc5 Nxc5 16. dxc5 Qe7 17. a3 Ne5 18. b4 Nxf3+ 19. Qxf3 f5 20. Rfd1 Rc6 21. Qe2 Rfc8 22. Qb2 Qc7 23. Qd4 Qb8 24. Rc3 Rd8 25. f4 Qc7 26. Rdc1 Rc8 27. a4 Qd7 28. b5 axb5 29. axb5 R6c7 30. Qa4 Kf7 31. c6 bxc6 32. Rxc6 Rxc6 33. Rxc6 Rxc6 34. bxc6 Qc7 35. Qb5 Ke7 36. Qc5+ Qd6 37. Qa7+ Kd8 38. Qa8+ Kc7 39. Qb7+ Kd8 40. Qxg7 Qxc6 41. Qg8+ Kc7 42. Qxh7+ Kb6 43. Qh5 Qc2 44. Qf3 Kc6 45. h4 Kd6 46. h5 Ke7 47. h6 Kf6 48. Qh5 1-0

[Event "VIE-chT (Women)"]
[Site "Ho Chi Minh City"]
[Date "2019.10.01"]
[Round "8.15"]
[White "Nguyen, Truong Bao Tran"]
[Black "Nguyen, Thi Thuy"]
[Result "1-0"]
[WhiteElo "1869"]
[BlackElo "1811"]
[PlyCount "95"]
[EventDate "2019.09.26"]
[EventType "swiss"]
[EventRounds "9"]
[EventCountry "VIE"]
[SourceTitle "EXT 2020"]
[Source "ChessBase"]
[SourceDate "2019.10.17"]
[SourceVersion "1"]
[SourceVersionDate "2019.10.17"]
[SourceQuality "1"]

1. d4 d5 2. c4 c6 3. cxd5 cxd5 4. Nc3 Nc6 5. Nf3 Nf6 6. Bf4 a6 7. Rc1 Bf5 8. e3 Qb6 9. Qd2 e6 10. a3 Qb3 11. Be2 Ne4 12. Nxe4 Bxe4 13. 0-0 Be7 14. Bc7 0-0 15. Rc3 Qa4 16. Bd1 Qb5 17. Rb3 Qc4 18. Rxb7 Nd8 19. Bxd8 Bxd8 20. Be2 Qc6 21. Rb3 Bxf3 22. Bxf3 Rc8 23. Rc3 Qb7 24. Rxc8 Qxc8 25. Rc1 Qb8 26. b4 a5 27. Be2 axb4 28. axb4 Bc7 29. g3 Bd6 30. b5 g6 31. Qc3 Qb6 32. Qc6 Rb8 33. Qd7 Rd8 34. Qc6 Rb8 35. Qc3 Ra8 36. Qd2 Bc7 37. Kg2 Qb7 38. Rc6 Ba5 39. Qc1 Bb6 40. Qc2 Kg7 41. h4 h5 42. Bd3 Rd8 43. Bxg6 fxg6 44. Rxe6 Ba5 45. Qxg6+ Kh8 46. Qxh5+ Kg8 47. Rg6+ Kf8 48. Qh8+ 1-0

[Event "VIE-chT (Women)"]
[Site "Ho Chi Minh City"]
[Date "2019.09.30"]
[Round "7.15"]
[White "Nguyen, Thi Thuy"]
[Black "Nguyen, Thu Trang"]
[Result "1/2-1/2"]
[WhiteElo "1811"]
[BlackElo "1813"]
[PlyCount "66"]
[EventDate "2019.09.26"]
[EventType "swiss"]
[EventRounds "9"]
[EventCountry "VIE"]
[SourceTitle "EXT 2020"]
[Source "ChessBase"]
[SourceDate "2019.10.17"]
[SourceVersion "1"]
[SourceVersionDate "2019.10.17"]
[SourceQuality "1"]

1. d4 Nf6 2. c4 e6 3. Nf3 Bb4+ 4. Bd2 Bxd2+ 5. Nbxd2 d5 6. e3 0-0 7. Bd3 dxc4 8. Nxc4 b6 9. 0-0 Bb7 10. Nce5 Nbd7 11. b4 Nxe5 12. Nxe5 Qd5 13. f3 c5 14. Bc4 Qd6 15. bxc5 bxc5 16. Qd3 cxd4 17. Qxd4 Qxd4 18. exd4 Rad8 19. Rfd1 Nd5 20. Bxd5 Bxd5 21. Rac1 Rc8 22. a3 f6 23. Nd7 Rfd8 24. Nc5 Rd6 25. Nd3 Rdc6 26. Rxc6 Rxc6 27. Rc1 Rxc1+ 28. Nxc1 Kf7 29. Kf2 Ke7 30. Ke3 Kd6 31. Ne2 Kc6 32. Nc3 Kb6 33. g3 Kc6 1/2-1/2

[Event "VIE-chT (Women)"]
[Site "Ho Chi Minh City"]
[Date "2019.09.29"]
[Round "5.10"]
[White "Nguyen, Thi Thuy"]
[Black "Nguyen, Thi Thu Quyen"]
[Result "1/2-1/2"]
[WhiteElo "1811"]
[BlackElo "2017"]
[PlyCount "68"]
[EventDate "2019.09.26"]
[EventType "swiss"]
[EventRounds "9"]
[EventCountry "VIE"]
[SourceTitle "EXT 2020"]
[Source "ChessBase"]
[SourceDate "2019.10.17"]
[SourceVersion "1"]
[SourceVersionDate "2019.10.17"]
[SourceQuality "1"]

1. d4 d5 2. Nf3 c6 3. c3 Bf5 4. Qb3 Qb6 5. Qxb6 axb6 6. a3 h6 7. Bf4 Nd7 8. e3 Ngf6 9. h3 e6 10. Nbd2 Be7 11. Be2 0-0 12. 0-0 Ne8 13. Ne5 Nxe5 14. Bxe5 Bd6 15. Nf3 f6 16. Bxd6 Nxd6 17. Nh4 Bh7 18. Rad1 Rae8 19. f4 Be4 20. Nf3 Nf5 21. Kf2 Nd6 22. g4 Bxf3 23. Kxf3 b5 24. Bd3 Re7 25. e4 Rfe8 26. e5 Nc4 27. Bxc4 bxc4 28. Rde1 f5 29. gxf5 exf5 30. Rg1 Re6 31. Rg2 R8e7 32. Reg1 Kf8 33. h4 Rd7 34. Ke3 Rc7 1/2-1/2

[Event "VIE-ch (Women)"]
[Site "Ho Chi Minh City"]
[Date "2019.05.07"]
[Round "7"]
[White "Nguyen, Thi Thuy"]
[Black "Le, Thanh Tu"]
[Result "0-1"]
[WhiteElo "1811"]
[BlackElo "2223"]
[PlyCount "124"]
[EventDate "2019.05.02"]
[EventType "swiss"]
[EventRounds "9"]
[EventCountry "VIE"]
[SourceTitle "CBM 190 Extra"]
[Source "ChessBase"]
[SourceDate "2019.07.15"]
[SourceVersion "1"]
[SourceVersionDate "2019.07.15"]
[SourceQuality "1"]

1. d4 c5 2. Nf3 cxd4 3. Nxd4 d5 4. g3 e5 5. Nf3 Nc6 6. Bg2 h6 7. 0-0 Nf6 8. b3 Be6 9. Bb2 Bd6 10. e3 0-0 11. Nbd2 Rc8 12. c3 Qd7 13. Re1 e4 14. Nd4 Ne5 15. Bf1 Bh3 16. f4 exf3 17. N4xf3 Bxf1 18. Nxf1 Nxf3+ 19. Qxf3 Be5 20. Rac1 Ne4 21. Red1 Rfd8 22. Rd3 Nc5 23. Rd2 Ne4 24. Rdc2 Ng5 25. Qg2 Qf5 26. Kh1 b5 27. Qf2 Qxf2 28. Rxf2 Ne4 29. Rfc2 Rc7 30. Kg1 Rdc8 31. c4 Bxb2 32. Rxb2 dxc4 33. bxc4 bxc4 34. Rb4 f5 35. Rc2 a5 36. Rb5 Rc5 37. Rxc5 Rxc5 38. Nd2 Nxd2 39. Rxd2 Kf7 40. Kf2 Ke6 41. Ke2 Ke5 42. Rd8 c3 43. Re8+ Kd5 44. Kd1 c2+ 45. Kc1 g5 46. h4 g4 47. h5 a4 48. a3 Rc7 49. Ra8 Ke4 50. Rxa4+ Kxe3 51. Rf4 Rc5 52. a4 Kd3 53. Rf2 Ke3 54. Rf4 Ke2 55. a5 Rxa5 56. Kxc2 Ra3 57. Rxf5 Rxg3 58. Rf6 Rh3 59. Rxh6 g3 60. Rg6 Kf2 61. Kd2 g2 62. Rf6+ Rf3 0-1

[Event "VIE-ch (Women)"]
[Site "Ho Chi Minh City"]
[Date "2019.05.05"]
[Round "3"]
[White "Tran, Le Dan Thuy"]
[Black "Nguyen, Thi Thuy"]
[Result "0-1"]
[WhiteElo "2005"]
[BlackElo "1811"]
[PlyCount "86"]
[EventDate "2019.05.02"]
[EventType "swiss"]
[EventRounds "9"]
[EventCountry "VIE"]
[SourceTitle "CBM 190 Extra"]
[Source "ChessBase"]
[SourceDate "2019.07.15"]
[SourceVersion "1"]
[SourceVersionDate "2019.07.15"]
[SourceQuality "1"]

1. e4 c6 2. d4 d5 3. e5 Bf5 4. c4 dxc4 5. Bxc4 e6 6. Nc3 Nd7 7. Nge2 Nb6 8. Bd3 Ne7 9. Bg5 Bxd3 10. Qxd3 h6 11. Ne4 Nbc8 12. Qh3 Qa5+ 13. Bd2 Qb6 14. 0-0 Nf5 15. Bc3 Be7 16. g4 Nh4 17. Nf4 Qa6 18. b4 Nb6 19. Rfb1 Na4 20. b5 cxb5 21. Bb4 Qc6 22. d5 Qc4 23. Bxe7 Qxe4 24. Qxh4 Qxf4 25. Bd6 g5 26. Qh3 Rc8 27. Rxb5 Rc2 28. Rf1 Nb6 29. dxe6 fxe6 30. Rb4 Rc4 31. Qh5+ Kd7 32. Rd1 Qf3 33. Rf1 Rxb4 34. Bxb4 Nd5 35. Bd6 Rh7 36. Rc1 Rf7 37. Bc5 Rf4 38. h3 b6 39. Qxh6 bxc5 40. Qh7+ Rf7 41. Qc2 Nf4 42. Qa4+ Ke7 43. Qxa7+ Kf8 0-1

[Event "VIE-ch (Women)"]
[Site "Ho Chi Minh City"]
[Date "2019.05.02"]
[Round "1"]
[White "Bach, Ngoc Thuy Duong"]
[Black "Nguyen, Thi Thuy"]
[Result "1-0"]
[WhiteElo "2155"]
[BlackElo "1811"]
[PlyCount "123"]
[EventDate "2019.05.02"]
[EventType "swiss"]
[EventRounds "9"]
[EventCountry "VIE"]
[SourceTitle "CBM 190 Extra"]
[Source "ChessBase"]
[SourceDate "2019.07.15"]
[SourceVersion "1"]
[SourceVersionDate "2019.07.15"]
[SourceQuality "1"]

1. d4 c5 2. d5 d6 3. c4 Nf6 4. Nc3 g6 5. e4 Bg7 6. Bd3 Na6 7. h3 Bd7 8. Nf3 0-0 9. 0-0 Ne8 10. Be3 Rb8 11. Qd2 Nac7 12. a4 b6 13. Rab1 Na6 14. Rbe1 Nb4 15. Bb1 f6 16. Nh2 a6 17. f4 Nc7 18. Nf3 b5 19. b3 bxc4 20. bxc4 Na8 21. f5 g5 22. Qd1 Qa5 23. Nd2 Nd3 24. Bxd3 Qxc3 25. Qc2 Qxc2 26. Bxc2 Rb4 27. a5 Ba4 28. Bxa4 Rxa4 29. Ra1 Rb4 30. Rfb1 Rfb8 31. Rxb4 Rxb4 32. Rb1 Rxb1+ 33. Nxb1 h6 34. Nc3 Kf7 35. Na4 Ke8 36. Kf2 Nc7 37. Kf3 h5 38. g4 h4 39. e5 Bh6 40. Nc3 Kd7 41. Ne4 Bg7 42. Bxc5 dxc5 43. Nxc5+ Kc8 44. e6 Bf8 45. Ke4 Ne8 46. Nxa6 Nd6+ 47. Kd4 Nb7 48. Kc3 Nxa5 49. Kb4 Nb7 50. c5 Bg7 51. Kb5 Bf8 52. Kb6 Bg7 53. Nb4 Bf8 54. Nc6 Nxc5 55. Kxc5 Kc7 56. Nd4 Bg7 57. Nb5+ Kd8 58. Kc6 Bf8 59. Nc3 Kc8 60. Ne4 Bg7 61. d6 exd6 62. e7 1-0

[Event "VIE-chB (Women)"]
[Site "Ba Dinh"]
[Date "2018.12.01"]
[Round "6"]
[White "Nguyen, Thi Thuy"]
[Black "Ton, Nu Hong An"]
[Result "1/2-1/2"]
[WhiteElo "1811"]
[BlackElo "1902"]
[PlyCount "111"]
[EventDate "2018.11.28"]
[EventType "swiss"]
[EventRounds "9"]
[EventCountry "VIE"]
[SourceTitle "EXT 2021"]
[Source "ChessBase"]
[SourceDate "2020.10.23"]
[SourceVersion "1"]
[SourceVersionDate "2020.10.23"]
[SourceQuality "1"]

1. d4 Nf6 2. c4 e6 3. Nf3 b6 4. Bg5 Bb4+ 5. Nbd2 h6 6. Bxf6 Qxf6 7. e3 c5 8. a3 Bxd2+ 9. Qxd2 Nc6 10. b4 0-0 11. Be2 d5 12. 0-0 cxd4 13. exd4 dxc4 14. Bxc4 Rd8 15. Rad1 Nxd4 16. Nxd4 e5 17. Qe2 exd4 18. Qe4 Bf5 19. Qf3 Bc2 20. Qxf6 gxf6 21. Rd2 Ba4 22. f4 Rac8 23. Be2 f5 24. Rf3 Kg7 25. Rfd3 Rc2 26. Rxc2 Bxc2 27. Rg3+ Kf6 28. Bd3 Bxd3 29. Rxd3 Ke6 30. Kf2 Kd5 31. Ke2 h5 32. Rh3 Ke4 33. Rxh5 Rc8 34. Kd2 Rc3 35. Rh8 Rxa3 36. Re8+ Kxf4 37. g3+ Kg4 38. Re7 f6 39. Rf7 Kh3 40. Rh7+ Kg2 41. Rh5 Rf3 42. b5 f4 43. gxf4 Rxf4 44. Kd3 f5 45. Rh7 Rg4 46. Rxa7 Kf3 47. Rf7 Rg5 48. Rf6 f4 49. Rxb6 Kg2 50. h4 Rf5 51. Rg6+ Kh3 52. Kxd4 f3 53. Rg1 Rxb5 54. Ke3 Rb3+ 55. Kf2 Kxh4 56. Rg8 1/2-1/2

[Event "VIE Cup (Women)"]
[Site "Bac Giang"]
[Date "2018.06.04"]
[Round "8"]
[White "Le, Phu Nguyen Thao"]
[Black "Nguyen, Thi Thuy"]
[Result "1-0"]
[WhiteElo "2005"]
[BlackElo "1841"]
[PlyCount "99"]
[EventDate "2018.05.30"]
[EventType "swiss"]
[EventRounds "9"]
[EventCountry "VIE"]
[SourceTitle "CBM 184 Extra"]
[Source "ChessBase"]
[SourceDate "2018.06.28"]
[SourceVersion "1"]
[SourceVersionDate "2018.06.28"]
[SourceQuality "1"]

1. Nf3 e6 2. g3 b6 3. Bg2 Bb7 4. 0-0 Nf6 5. c4 Be7 6. b3 0-0 7. Bb2 c5 8. Nc3 d5 9. cxd5 Nxd5 10. Qc2 Nb4 11. Qb1 Bf6 12. a3 N4c6 13. Rd1 Qe7 14. Ne4 Bxb2 15. Qxb2 e5 16. b4 Nd4 17. d3 f5 18. Neg5 Nxf3+ 19. Nxf3 e4 20. Ne5 cxb4 21. axb4 Nc6 22. Nxc6 Bxc6 23. Rac1 Qe6 24. b5 Bd5 25. dxe4 Bxe4 26. f3 Bd5 27. Qd4 Bb3 28. Rc7 Rf7 29. Rxf7 Qxf7 30. f4 Rf8 31. Rd3 Kh8 32. Bc6 h6 33. Qe5 Qg8 34. Rd7 Rf7 35. Rd6 Kh7 36. e4 g6 37. Qc3 Ba2 38. Qb2 Bc4 39. Qc2 Rf8 40. Rd7+ Bf7 41. exf5 g5 42. f6+ Kh8 43. f5 Rd8 44. Qd3 Rxd7 45. Qxd7 Qf8 46. Qe7 Kg8 47. Kg2 Qc8 48. Qxa7 Qxf5 49. Qa8+ Kh7 50. Be4 1-0

[Event "VIE Cup (Women)"]
[Site "Bac Giang"]
[Date "2018.06.02"]
[Round "6"]
[White "Nguyen, Thi Minh Oanh"]
[Black "Nguyen, Thi Thuy"]
[Result "1-0"]
[WhiteElo "1882"]
[BlackElo "1841"]
[PlyCount "153"]
[EventDate "2018.05.30"]
[EventType "swiss"]
[EventRounds "9"]
[EventCountry "VIE"]
[SourceTitle "CBM 184 Extra"]
[Source "ChessBase"]
[SourceDate "2018.06.28"]
[SourceVersion "1"]
[SourceVersionDate "2018.06.28"]
[SourceQuality "1"]

1. d4 d5 2. Bg5 c6 3. c3 Qb6 4. Qb3 Qxb3 5. axb3 Bf5 6. e3 Nd7 7. Nd2 e6 8. Ngf3 h6 9. Bf4 Ngf6 10. h3 Be7 11. Be2 0-0 12. b4 Ne4 13. Nb3 Bd6 14. Bxd6 Nxd6 15. Na5 f6 16. 0-0 a6 17. Rfc1 e5 18. Rd1 e4 19. Nd2 Be6 20. Ndb3 Rf7 21. Nc5 Nf8 22. Na4 f5 23. Nb6 Re8 24. g3 Ree7 25. c4 g5 26. cxd5 Bxd5 27. Rac1 Ne6 28. b3 f4 29. g4 Rf8 30. Nac4 Nc8 31. Nxd5 cxd5 32. Ne5 Kg7 33. b5 axb5 34. Bxb5 Nd6 35. Bd7 Ne8 36. Rd2 fxe3 37. fxe3 N6c7 38. Rc5 b6 39. Rc6 Rf6 40. Rdc2 Na6 41. Bxe8 Rxe8 42. Rxf6 Kxf6 43. Nd7+ Ke6 44. Nxb6 Nb4 45. Rc7 Rb8 46. Rh7 Kf6 47. Nd7+ Kg6 48. Rxh6+ Kxh6 49. Nxb8 Kg6 50. Nd7 Kf7 51. Kg2 Ke6 52. Nc5+ Kf6 53. Na4 Ke6 54. Nc3 Nc2 55. Kf2 Nb4 56. Nb1 Nd3+ 57. Kg2 Nb4 58. Nd2 Nc2 59. Nf1 Kf6 60. Kf2 Nb4 61. Ng3 Nd3+ 62. Kf1 Ke6 63. Ne2 Nb4 64. Nc3 Kd6 65. Kf2 Ke6 66. Kg3 Nc2 67. Nd1 Kf6 68. h4 gxh4+ 69. Kxh4 Kg6 70. g5 Ne1 71. Kg4 Nd3 72. Kh4 Kg7 73. Kh5 Kh7 74. g6+ Kg7 75. Kg5 Kg8 76. Kf6 Kf8 77. Ke6 1-0

[Event "VIE Cup (Women)"]
[Site "Bac Giang"]
[Date "2018.06.01"]
[Round "4"]
[White "Nguyen, Thi Thuy"]
[Black "Hoang, Thi Hai Anh"]
[Result "1/2-1/2"]
[WhiteElo "1841"]
[BlackElo "1892"]
[PlyCount "41"]
[EventDate "2018.05.30"]
[EventType "swiss"]
[EventRounds "9"]
[EventCountry "VIE"]
[SourceTitle "CBM 184 Extra"]
[Source "ChessBase"]
[SourceDate "2018.06.28"]
[SourceVersion "1"]
[SourceVersionDate "2018.06.28"]
[SourceQuality "1"]

1. d4 d5 2. Nf3 Nf6 3. c4 c6 4. e3 e6 5. Nbd2 b6 6. Bd3 Bb7 7. b3 Nbd7 8. Bb2 Be7 9. 0-0 0-0 10. Qe2 c5 11. Rfd1 cxd4 12. exd4 Bb4 13. a3 Bxd2 14. Rxd2 dxc4 15. bxc4 Rc8 16. Rc1 Re8 17. Ne5 Qe7 18. h3 Nxe5 19. Qxe5 h6 20. Re2 Qc7 21. Qe3 1/2-1/2

[Event "VIE-ch (Women)"]
[Site "Ho Chi Minh City"]
[Date "2018.04.30"]
[Round "6"]
[White "Nguyen, Thi Thuy"]
[Black "Doan, Thi Van Anh"]
[Result "1/2-1/2"]
[WhiteElo "1841"]
[BlackElo "1968"]
[PlyCount "42"]
[EventDate "2018.04.27"]
[EventType "swiss"]
[EventRounds "9"]
[EventCountry "VIE"]
[SourceTitle "CBM 184 Extra"]
[Source "ChessBase"]
[SourceDate "2018.06.28"]
[SourceVersion "1"]
[SourceVersionDate "2018.06.28"]
[SourceQuality "1"]

1. d4 d5 2. Bf4 e6 3. e3 Bd6 4. Bxd6 Qxd6 5. c3 c6 6. Nf3 Nf6 7. Bd3 Nbd7 8. 0-0 e5 9. dxe5 Nxe5 10. Nxe5 Qxe5 11. h3 0-0 12. Nd2 Re8 13. Nf3 Qc7 14. Qc2 h6 15. c4 dxc4 16. Bxc4 Be6 17. Bxe6 Rxe6 18. Rfd1 Rd8 19. Rxd8+ Qxd8 20. Rd1 Rd6 21. Rxd6 Qxd6 1/2-1/2

[Event "VIE-ch (Women)"]
[Site "Ho Chi Minh City"]
[Date "2018.04.29"]
[Round "5"]
[White "Nguyen, Thi Thuy"]
[Black "Ton, Nu Hong An"]
[Result "0-1"]
[WhiteElo "1841"]
[BlackElo "1943"]
[PlyCount "134"]
[EventDate "2018.04.27"]
[EventType "swiss"]
[EventRounds "9"]
[EventCountry "VIE"]
[SourceTitle "CBM 184 Extra"]
[Source "ChessBase"]
[SourceDate "2018.06.28"]
[SourceVersion "1"]
[SourceVersionDate "2018.06.28"]
[SourceQuality "1"]

1. c4 Nf6 2. Nc3 e5 3. g3 Bb4 4. Bg2 Bxc3 5. dxc3 h6 6. e4 0-0 7. Ne2 d6 8. 0-0 Be6 9. b3 Qd7 10. Re1 Bh3 11. Bh1 a5 12. f3 Na6 13. Be3 c6 14. Bf2 b5 15. cxb5 cxb5 16. Qd2 Qc7 17. Rac1 Rfd8 18. c4 b4 19. Rcd1 Nc5 20. Nc1 Rac8 21. Be3 Be6 22. Bg2 Rb8 23. Nd3 Nfd7 24. Nc1 Nb6 25. Qf2 f6 26. h3 a4 27. Kh2 axb3 28. axb3 Nbd7 29. Rd2 Rb6 30. Ra2 Ra6 31. Rxa6 Nxa6 32. Re2 Nac5 33. Ra2 Kf7 34. Qd2 Rb8 35. Qc2 Qb7 36. Qd1 Ke7 37. Nd3 Nxd3 38. Qxd3 Ra8 39. Rd2 Qc6 40. Qb1 Ra3 41. Ra2 Qa6 42. Rxa3 Qxa3 43. Qd3 Qb2 44. f4 g5 45. f5 Bf7 46. g4 h5 47. h4 Qc3 48. Qxc3 bxc3 49. Bf1 gxh4 50. Kh3 hxg4+ 51. Kxh4 Kd8 52. Kxg4 Kc7 53. Bd3 Nb8 54. Bf2 Nc6 55. Kf3 Nb4 56. Ke2 c2 57. Bxc2 Nxc2 58. Kd3 Nb4+ 59. Kc3 Na6 60. b4 Nb8 61. Bh4 Nd7 62. Kd3 Kc6 63. Kc3 Nb6 64. c5 dxc5 65. bxc5 Nd7 66. Kb4 Bh5 67. Kc4 Be2+ 0-1